000 00524nam a2200169Ia 4500
999 _c20869
_d20869
003 OSt
005 20200615151337.0
008 190216s9999||||xx |||||||||||||| ||und||
020 _a9788178240244
040 _coclc
082 _a305.51220954
_bSHA/C
100 _aShah, Ghanshyam
_92903
245 0 _aCaste And Democratic Politics In India /
_cGhanshyam Shah
260 _bPermanent Black Publishing,
_c2002.
_aDelhi:
300 _a440p
942 _cBK
_2ddc
_h305.51220954
_iSHA/C
_k305.51220954
_mSHA/C